LEADER 01229nam--2200409---450- 001 990000364890203316 035 $a0036489 035 $aUSA010036489 035 $a(ALEPH)000036489USA01 035 $a0036489 100 $a20010319d1977----km-y0itay0103----ba 101 $aeng 102 $aUS 105 $a||||||||001yy 200 1 $aData structure and management$fIvan Flores 205 $a2nd ed. 210 $aEnglewood Cliff$cPrentice Hall$dc1977 215 $aIX,390 p.$cgraf., tab.$d23 cm 410 $12001 461 1$1001-------$12001 610 0 $aElaborazione elettronica dei dati 610 0 $aElaboratori elettronici$xProgrammazione 676 $a001.6442 700 1$aFLORES,$bIvan$025370 801 0$aIT$bsalbc$gISBD 912 $a990000364890203316 951 $a001.644 2 FLO$b0009482 CBS$c001.644 2$d00106105 959 $aBK 969 $aSCI 979 $aPATTY$b90$c20010319$lUSA01$h1140 979 $aPATTY$b90$c20010320$lUSA01$h1734 979 $aPATTY$b90$c20010320$lUSA01$h1737 979 $aALANDI$b90$c20010516$lUSA01$h1011 979 $c20020403$lUSA01$h1644 979 $aPATRY$b90$c20040406$lUSA01$h1625 996 $aData structure and management$9435865 997 $aUNISA LEADER 01442nam2 22003853i 450 001 UBO2103411 005 20231121125857.0 010 $a8802021406 100 $a20151022d1987 ||||0itac50 ba 101 | $alat$aita 102 $ait 181 1$6z01$ai $bxxxe 182 1$6z01$an 200 1 $a˜1: œLibri 1.-5.$fdi Tito Livio$ga cura di Luciano Perelli 210 $aTorino$cUnione tipografico-editrice torinese$dstampa 1987 215 $a974 p., [8] c. di tav.$cill.$d24 cm 300 $aTesto orig. a fronte. 461 1$1001MIL0234963$12001 $aStorie$fdi Tito Livio$v1 676 $a878$9Miscellanea latina$v21 700 1$aLivius$b, Titus$3CFIV021177$4070$05194 702 1$aPerelli$b, Luciano$3CFIV022912 790 0$aLivy$3BVEV026393$zLivius, Titus 790 1$aLivio$b, Tito$3CFIV021178$zLivius, Titus 790 0$aLivio$3CFIV021179$zLivius, Titus 790 0$aTite-Live$3CFIV146633$zLivius, Titus 790 0$aTito Livio$3CFIV178914$zLivius, Titus 790 1$aLivius$b, Titus$c $3NAPV193647$zLivius, Titus 801 3$aIT$bIT-01$c20151022 850 $aIT-FR0017 899 $aBiblioteca umanistica Giorgio Aprea$bFR0017 $eN 912 $aUBO2103411 950 2$aBiblioteca umanistica Giorgio Aprea$d 52S.L. 870 UTET Liv.1$e 52FLS0000154925 VMB RS $fC $h20151022$i20151022 977 $a 52 996 $aLibri 1.-5$9945877 997 $aUNICAS